| 000 | 00818nam a2200241 4500 | ||
|---|---|---|---|
| 001 | 121631 | ||
| 003 | ES-MaACL | ||
| 005 | 20230906191805.0 | ||
| 007 | t| | ||
| 008 | 070214s1970 sp r ||||1| spa d | ||
| 100 | 0 |
_aPlatón. _992598 |
|
| 245 | 1 | 0 |
_aCartas / _cPlatón ; edición bilingüe y prólogo por Margarita Toranzo ; revisado por José Manuel Pabón y Suárez de Urbina. |
| 260 |
_aMadrid : _bInstituto de Estudios Políticos, _c1970. |
||
| 300 |
_a132 p. ; _c19 cm. |
||
| 490 | 1 | _aClásicos políticos | |
| 500 | _aP. 34-129, duplicadas. | ||
| 700 | 1 |
_aToranzo, Margarita. _9110619 |
|
| 700 | 1 |
_aPabón, José Manuel. _988100 |
|
| 710 | 2 |
_aInstituto de Estudios Políticos (Madrid) _94924 |
|
| 830 | 0 |
_aClásicos políticos _9180270 |
|
| 852 |
_aES-MaACL _jL-2535 _bR.103436 |
||
| 999 |
_c121631 _d121631 |
||